| 000 | 00715nam a22002177a 4500 | ||
|---|---|---|---|
| 005 | 20240530110430.0 | ||
| 008 | 150330s2011 ua o a 000 0 ara d | ||
| 017 |
_a2011/4646 _bمصر . دار الكتب المصرية |
||
| 020 | _a9789770930129 | ||
| 040 | _aEG-CaGPL | ||
| 082 | 0 | 4 |
_221 _a813.02 _bط/و أ |
| 100 | 0 | _aوليد طاهر | |
| 245 | 1 | 0 |
_aاحلام الحيوانات / _cتاليف و رسوم وليد طاهر. |
| 250 | _aط1. | ||
| 260 |
_aالقاهرة : _bدار الشروق ، _c2011. |
||
| 300 |
_a27 ص : _bرسوم ؛ _c22 سم. |
||
| 650 | 0 | 4 |
_aالحيوانات _xقصص |
| 650 | 0 | 4 | _aقصص الاطفال |
| 942 |
_2ddc _cBK |
||
| 999 |
_c60831 _d60831 |
||